| 000 | 00481nam a2200193Ia 4500 | ||
|---|---|---|---|
| 005 | 20240823015630.0 | ||
| 008 | 240823s9999||||xx |||||||||||||| ||und|| | ||
| 020 | _a0-07-058808-5 | ||
| 041 | _aENGLISH | ||
| 082 | _A621.3822 P4 | ||
| 100 | _aRoberts Michael J | ||
| 245 | 0 | _aSignals and Systems | |
| 250 | _a1st | ||
| 260 |
_c2004 _b"Tata McGraw-Hill Publishing Company Ltd,New " |
||
| 500 | _aYES | ||
| 650 |
_aSignals _bInstrumentation |
||
| 942 | _cBK | ||
| 999 |
_c172879 _d172879 |
||